The magic of play : (Record no. 340284)
[ view plain ]
| 000 -LEADER | |
|---|---|
| fixed length control field | 00668nam a2200265Ia 4500 |
| 008 - FIXED-LENGTH DATA ELEMENTS--GENERAL INFORMATION | |
| fixed length control field | 170712s9999 xx 000 0 und d |
| 020 ## - INTERNATIONAL STANDARD BOOK NUMBER | |
| International Standard Book Number | 9789712722486 |
| 050 ## - LIBRARY OF CONGRESS CALL NUMBER | |
| Classification number | 615.5 |
| 050 ## - LIBRARY OF CONGRESS CALL NUMBER | |
| Item number | C261 2010 |
| 100 ## - MAIN ENTRY--PERSONAL NAME | |
| Personal name | Carandang, Ma. Lourdes A. |
| 245 #4 - TITLE STATEMENT | |
| Title | The magic of play : |
| 245 ## - TITLE STATEMENT | |
| Remainder of title | Children heal through play therapy / |
| 245 ## - TITLE STATEMENT | |
| Statement of responsibility, etc | by Ma. Lourdes A. Carandang. |
| 260 ## - PUBLICATION, DISTRIBUTION, ETC. (IMPRINT) | |
| Place of publication, distribution, etc | Philippines : |
| 260 ## - PUBLICATION, DISTRIBUTION, ETC. (IMPRINT) | |
| Name of publisher, distributor, etc | Anvil, |
| 260 ## - PUBLICATION, DISTRIBUTION, ETC. (IMPRINT) | |
| Date of publication, distribution, etc | 2010 |
| 300 ## - PHYSICAL DESCRIPTION | |
| Extent | 208 pages : |
| 300 ## - PHYSICAL DESCRIPTION | |
| Other physical details | illustrations ; |
| 300 ## - PHYSICAL DESCRIPTION | |
| Dimensions | 22cm. |
| 650 ## - SUBJECT ADDED ENTRY--TOPICAL TERM | |
| Topical term or geographic name as entry element | Child psychotherapy. |
| 650 ## - SUBJECT ADDED ENTRY--TOPICAL TERM | |
| Topical term or geographic name as entry element | Play theraphy. |
| 650 ## - SUBJECT ADDED ENTRY--TOPICAL TERM | |
| Topical term or geographic name as entry element | Play therapy -- |
| 650 ## - SUBJECT ADDED ENTRY--TOPICAL TERM | |
| Topical term or geographic name as entry element | Title. |
| 650 ## - SUBJECT ADDED ENTRY--TOPICAL TERM | |
| General subdivision | Methods. |
No items available.